| 000 -LEADER |
| fixed length control field |
00677nam a22002177a 4500 |
| 008 - FIXED-LENGTH DATA ELEMENTS--GENERAL INFORMATION |
| fixed length control field |
150609b xxu||||| |||| 00| 0 eng d |
| 020 ## - INTERNATIONAL STANDARD BOOK NUMBER |
| International Standard Book Number |
9780520255197 |
| 020 ## - INTERNATIONAL STANDARD BOOK NUMBER |
| International Standard Book Number |
0520255194 |
| 041 0# - LANGUAGE CODE |
| Language code of text/sound track or separate title |
eng |
| 080 ## - UNIVERSAL DECIMAL CLASSIFICATION NUMBER |
| Universal Decimal Classification number |
930 |
| Common auxiliary subdivision |
(914) |
| 100 1# - Rafti |
| Rafti |
Blanco, John D., |
| 245 10 - TITLE STATEMENT |
| Title |
Frontier constitutions : |
| Statement of responsibility, etc |
John D. Blanco. |
| 260 ## - |
| -- |
Berkeley : |
| -- |
University of California Press, |
| -- |
2009. |
| 300 ## - |
| -- |
372 f. : |
| -- |
me il.; |
| -- |
24 cm. |
| 490 1# - |
| -- |
Asia Pacific modern ; |
| -- |
4 |
| 500 ## - |
| -- |
Preface: f. xiii - xviii |
| 505 ## - |
| -- |
Index: f. 359 - 371 |
| 650 #0 - |
| -- |
Historia |
| 650 #0 - |
| -- |
Filipinet |
| 942 ## - ADDED ENTRY ELEMENTS (KOHA) |
| Source of classification or shelving scheme |
|
| Item type |
Books |